Commissioning health + wellbeing
Сохранить в:
| Главный автор: | |
|---|---|
| Формат: | |
| Язык: | английский |
| Опубликовано: |
Sage Publications
2014
|
| Метки: |
Добавить метку
Нет меток, Требуется 1-ая метка записи!
|
MARC
| LEADER | 00000nam a22000007a 4500 | ||
|---|---|---|---|
| 008 | 210121b ||||| |||| 00| 0 eng d | ||
| 020 | |a 978-1-4462-5255-0 | ||
| 100 | |a HEGINBOTHAM, Chris. | ||
| 245 | |a Commissioning health + wellbeing |c Chris Heginbotham, Karen Newbigging. |g xv: 200p. | ||
| 260 | |b Sage Publications |c 2014 |h Los Angeles |i 692681 |i 692682 |l RA399 .G7H36 |m Medical care – Great Britain – Evaluation. |m National health services – Great Britain. |m Human services – Great Britain. |m Mental Health Services – Great Britain. |m Health Promotion – Organizational & Administration |m Quality of life – Great Britain | ||
| 942 | |a lcc |c BK |e YUNUSA, A.A. |f 21/01/2021 | ||
| 952 | |0 0 |1 0 |2 lcc |4 0 |6 RA0399 G7 H36 |7 0 |9 1385 |a HOL |b HE |c QZ |d 2021-01-21 |l 0 |o RA399 .G7H36 |p 2021-0189 |r 2021-01-21 00:00:00 |w 2021-01-21 |y BK | ||
| 952 | |0 0 |1 0 |2 lcc |4 0 |6 RA0399 G7 H36 |7 0 |9 1386 |a HOL |b HOL |c QZ |d 2021-01-21 |l 0 |o RA399 .G7H36 |p 2021-0190 |r 2021-01-21 00:00:00 |w 2021-01-21 |y BK | ||
| 999 | |c 724 |d 724 | ||